LEADER 01128nam a2200313 i 4500 001 991000799309707536 005 20020507173738.0 008 971215s1972 de ||| | eng 020 $a3540057641 035 $ab10758926-39ule_inst 035 $aLE01302504$9ExL 040 $aDip.to Matematica$beng 082 0 $a515.82 084 $aAMS 41A50 100 1 $aHolmes, Richard B.$013750 245 12$aA course on optimization and best approximation /$cRichard B. Holmes 260 $aBerlin ; New York :$bSpringer-Verlag,$c1972 300 $aviii, 233 p. ;$c26 cm 490 0 $aLecture notes in mathematics,$x0075-8434 ;$v257 500 $aIncludes bibliographies 650 0$aApproximation theory 650 0$aFunctional analysis 650 0$aMathematical optimization 907 $a.b10758926$b23-02-17$c28-06-02 912 $a991000799309707536 945 $aLE013 41-XX HOL11 (1972)$g1$i2013000092058$lle013$o-$pE0.00$q-$rl$s- $t0$u1$v0$w1$x0$y.i1085390x$z28-06-02 996 $aCourse on optimization and best approximation$981550 997 $aUNISALENTO 998 $ale013$b01-01-97$cm$da $e-$feng$gde $h2$i1 LEADER 01063nam0 22002651i 450 001 UON00339167 005 20231205104251.753 100 $a20091019d1969 |0itac50 ba 101 $apor 102 $aBR 105 $a|||| 1|||| 200 1 $aEstudos tupis e tupi-guaranis$econfrontos e revisões$fFrederico G. Edelweiss 210 $aRio de Janeiro$cLivraria Brasiliana Editora$d1969 215 $a301 p.$d24 cm. 606 $aLingua tupi$3UONC068352$2FI 620 $aBR$dRio de Janeiro$3UONL001554 676 $a469.700 9$cLingua portoghese. Storia, geografia, persone$v21 700 1$aEDELWEISS$bFrederico G.$3UONV191129$0702153 712 $aLivraria brasiliana editôra$3UONV276504$4650 801 $aIT$bSOL$c20250905$gRICA 899 $aSIBA - SISTEMA BIBLIOTECARIO DI ATENEO$2UONSI 912 $aUON00339167 950 $aSIBA - SISTEMA BIBLIOTECARIO DI ATENEO$dSI Port Ling II 0288 $eSI SP 4812 5 0288 996 $aEstudos tupis e tupi-guaranis$91362787 997 $aUNIOR